Celebrities in Plaid Quiz Stats

 Plays Quiz Updated Dec 10, 2014

Challenge
Share
Tweet
Score 0/22 Timer 07:00
1 Play Today
% Correct
Bill Murray
94.2%
Will Smith
93%
George Clooney
91.1%
Taylor Swift
86.5%
Jay-Z
83.3%
Woody Allen
82.6%
Sean Connery
78.5%
John Goodman
76.6%
Kurt Cobain
75.3%
Drew Carey
71.4%
Robert Pattinson
70.6%
% Correct
Zooey Deschanel
69.6%
Amy Poehler
68.8%
Joseph Gordon-Levitt
67.7%
LeBron James
67.3%
Psy
67.2%
Rupert Grint
66.1%
Hilary Swank
62%
Shakira
60%
Stacey Dash and Alicia Silverstone
59.6%
Liv Tyler
50.7%
Jaleel White
44.7%

You're not logged in!

Compare scores with friends on all Sporcle quizzes.
Join for Free
OR
Log In

You Might Also Like...

Show Comments

Extras

Top Quizzes Today


Score Distribution

Your Account Isn't Verified!

In order to create a playlist on Sporcle, you need to verify the email address you used during registration. Go to your Sporcle Settings to finish the process.

Report this User

Report this user for behavior that violates our Community Guidelines.

Details: